000 01327cam a22003734i 4500
003 PE-LiUPU
005 20250731184116.0
008 150616s r 000 0 d
035 _a(Sirsi) a5084
040 _aPE-LiUPU
_bspa
_cPE-LiUPU
_erda
049 _aPRUA
082 0 4 _a893.1
_bL26
_221
245 0 3 _aEl libro de los muertos /
_cJuan A. G. Larraya, tr.
264 1 _a[Barcelona] :
_bJosé Janés Editor Barcelona,
_c1953.
300 _a366 páginas ;
_c20 cm.
336 _atext
_2rdacontent
337 _aunmediated
_2rdamedia
338 _avolume
_2rdacarrier
505 0 _aHimnos preliminares -- El libro de los muertos -- Indice honomástico.
526 _aP145
526 _aP127
526 _aP97
526 _aP14
526 _aP07
650 0 4 _aLITERATURA EGIPCIA.
700 1 _aLarraya, Juan A. G.,
_etraductor.
910 _ajck
_bjvq
_cjck
942 _2ddc
_cBOOK
949 _a893.1 L26
_wDEWEY
_c1
_i12846
_lCCODEBUL1
_mBUL
_p00.00
_r0
_sY
_tBOOK
_u2015-04-23
_xEDUCACION
_PP20
_0COMPRA
_o.STAFF. Colección General
994 _aC0
_bPEPRU
596 _a1
999 _a893.1 L26
_wDEWEY
_c53311
_i12846
_f2022-4-21
_g5
_lCCODEBUL1
_mBUL
_r1
_sY
_tBOOK
_u2015-4-23
_xEDUCACION
_PP20
_0COMPRA
_o.STAFF. Colección General
_d53311
980 _81
_gALBERTO SANCHEZ Responsable de Automatización